01481cam a2200349 a 4500952017100000999001700171001000900188003000400197005001700201008004100218010001700259020003800276020003800314040001800352050002500370082002200395100002500417245008400442250001200526260005200538300003300590440005500623504005100678650002700729650002300756700002300779700002400802856008900826856009700915856007701012942004201089 00102ddc40708PSYCHOLOGYaMESbMEScPSYCHOLOGYd2022-09-26e53g440.00l7m11o300.72 BOO/Cp41553r2024-04-01 11:03:15s2024-03-18v440.00w2022-09-26yBKzGL45R2 c41515d4151512931286OSt20221026105830.0020916s2003 ilua b 001 0 eng  a 2002015184 a0226065677 ((cloth) : alk. paper) a0226065685 ((paper) : alk. paper) aDLCcDLCdDLC00aQ180.55.M4bB66 200300a300.72221bBOO/C aBooth, Wayne C9557014aThe craft of research /cWayne C. Booth, Gregory G. Colomb, Joseph M. Williams. a2nd ed. aChicago :bUniversity of Chicago press,cc2003. axv, 329 p. :bill. ;c22 cm. 0aChicago guides to writing, editing, and publishing aIncludes bibliographical references and index. 0aResearchxMethodology. 0aTechnical writing.1 aColomb, Gregory G.1 aWilliams, Joseph M.423Publisher descriptionuhttp://www.loc.gov/catdir/description/uchi051/2002015184.html423Contributor biographical informationuhttp://www.loc.gov/catdir/bios/uchi051/2002015184.html413Table of contentsuhttp://www.loc.gov/catdir/toc/uchi051/2002015184.html 2ddccBKh300.72iBOO/Ck300.72mBOO/C